[Event "Challenge"]
[Site "http://www.queenalice.com/game.php?id=374431"]
[Date "2008.3.20"]
[Round "-"]
[White "kingshess"]
[Black "SpectorBassist"]
[Result "0-1"]
[WhiteElo "1747"]
[BlackElo "1967"]

1. d4 Nf6 2. c4 g6 3. Nc3 Bg7 4. e4 d6 5. Nf3 O-O 6. Be2 e5 7. d5 Nbd7 8. Be3
Ng4 9. Bg5 f6 10. Bh4 a6 11. h3 Nh6 12. Qd2 Qe8 13. g4 Nf7 14. Bg3 Nb6 15. b3
Bh6 16. Qc2 Qe7 17. h4 Bxg4 18. Nh2 Bxe2 19. Qxe2 f5 20. f3 Nd7 21. Bf2 Nf6 22.
Be3 Bxe3 23. Qxe3 f4 24. Qf2 Nh6 25. O-O-O Nh5 26. Ne2 Kh8 27. Rhg1 Qd7 28. Rg2
c5 29. dxc6 Qxc6 30. Kb1 Nf6 31. Ng4 Nhxg4 32. fxg4 Nxe4 33. Qf1 f3 34. Rf2 Nxf2
35. Qxf2 Qe4+ 36. Kc1 fxe2 0-1

[Event "Challenge"]
[Site "http://www.queenalice.com/game.php?id=378080"]
[Date "2008.3.27"]
[Round "-"]
[White "kingshess"]
[Black "SpectorBassist"]
[Result "0-1"]
[WhiteElo "1669"]
[BlackElo "1982"]

1. d4 Nf6 2. c4 e6 3. Nf3 d5 4. Nc3 Bb4 5. Bd2 O-O 6. e3 c6 7. a3 Be7 8. c5 Nbd7
9. Bd3 Qc7 10. Qc2 e5 11. dxe5 Nxe5 12. b4 Nxd3+ 13. Qxd3 Bg4 14. Nd4 Bh5 15. f3
Bg6 16. Qe2 Rfe8 17. g4 Qd7 18. h4 h6 19. Kf2 h5 20. g5 Nh7 21. f4 f5 22. Rac1
Nf8 23. Qf3 Ne6 24. Nce2 Bf7 0-1

[Event "Challenge"]
[Site "http://www.queenalice.com/game.php?id=379061"]
[Date "2008.3.29"]
[Round "-"]
[White "SpectorBassist"]
[Black "KLEOJ"]
[Result "1-0"]
[WhiteElo "2012"]
[BlackElo "2122"]

1. Nf3 Nf6 2. e3 c5 3. c4 g6 4. b3 Bg7 5. Bb2 O-O 6. g3 d5 7. cxd5 Qxd5 8. Bg2
Bg4 9. h3 Bf5 10. Nh4 Qd7 11. Nxf5 gxf5 12. Qc2 Nc6 13. a3 Rac8 14. O-O Rfd8 15.
Rd1 Qd3 16. Qc3 Qe2 17. Rf1 Rd3 18. Qc2 Rcd8 19. Bc3 e5 20. Qd1 Qxd1 21. Rxd1
Ne4 22. Bxe4 fxe4 23. a4 Ne7 24. Ra2 Nd5 25. Rc2 f5 26. Rdc1 b6 27. Na3 f4 28.
Nc4 Nxc3 29. Rxc3 R3d7 30. R3c2 Rd3 31. Rc3 R3d7 32. R3c2 h5 33. Kg2 Rf7 34. Rf1
Rd3 35. Rb2 Rd8 36. h4 Rdf8 37. Nd6 Rd7 38. Nxe4 Rd3 39. Rc1 Rfd8 40. Rc3 R3d5
41. b4 cxb4 42. Rxb4 Ra5 43. Rbc4 Rad5 44. Rc8 Rxc8 45. Rxc8+ Kh7 46. Rc7 Ra5
47. Ng5+ Kg6 48. Rc6+ Bf6 49. Ne4 Kf5 50. Nxf6 fxe3 51. dxe3 Rxa4 52. e4+ Kg6
53. Nd7+ Kh7 54. Rc7 Kh6 55. Nf8 1-0

[Event "Challenge"]
[Site "http://www.queenalice.com/game.php?id=380927"]
[Date "2008.4.2"]
[Round "-"]
[White "clemerson"]
[Black "SpectorBassist"]
[Result "0-1"]
[WhiteElo "1918"]
[BlackElo "1989"]

1. e4 c5 2. Nf3 d6 3. c3 Nf6 4. Bd3 Nc6 5. Bc2 a6 6. d4 Bg4 7. d5 Ne5 8. Be3
Nxf3+ 9. gxf3 Bh5 10. Nd2 e6 11. Qe2 Be7 12. O-O-O O-O 13. Rhg1 Kh8 14. Qf1 exd5
15. exd5 Qd7 16. Qg2 Bg6 17. h4 Nh5 18. Bg5 Bxg5 19. hxg5 Nf4 20. Qf1 Rae8 21.
Rg4 Ne2+ 22. Kb1 Bxc2+ 23. Kxc2 Qf5+ 24. Ne4 Qxf3 25. Rh4 Rxe4 26. Rh3 Qf5 27.
Rdd3 c4 28. Rdf3 Rf4+ 29. Kd2 Rxf3 30. Rxf3 Qxf3 0-1

[Event "Challenge"]
[Site "http://www.queenalice.com/game.php?id=413061"]
[Date "2008.6.4"]
[Round "-"]
[White "bruno_borges"]
[Black "SpectorBassist"]
[Result "0-1"]
[WhiteElo "1958"]
[BlackElo "2046"]

1. e4 c5 2. Nf3 d6 3. Bb5+ Nd7 4. O-O Nf6 5. Re1 a6 6. Bf1 b6 7. Nc3 Bb7 8. d3
g6 9. Bf4 Bg7 10. g3 O-O 11. Bg2 b5 12. Qd2 b4 13. Ne2 Nh5 14. Bh6 Bxb2 15. Bxf8
Bxa1 16. Bxe7 Qxe7 17. Rxa1 Qf6 18. Rb1 Rb8 19. c3 a5 20. d4 Bxe4 0-1

[Event "Challenge"]
[Site "http://www.queenalice.com/game.php?id=413062"]
[Date "2008.6.4"]
[Round "-"]
[White "SpectorBassist"]
[Black "bruno_borges"]
[Result "1-0"]
[WhiteElo "2066"]
[BlackElo "1889"]

1. Nf3 Nf6 2. g3 d5 3. Bg2 c6 4. O-O Bf5 5. d3 e6 6. Nbd2 Nbd7 7. Qe1 Nc5 8. c4
Bd6 9. b4 Ncd7 10. c5 Bc7 11. Bb2 O-O 12. Nd4 Bg4 13. b5 cxb5 14. Nxb5 Nxc5 15.
Ba3 Bb6 16. d4 Nce4 17. Nxe4 Nxe4 18. Bxe4 dxe4 19. Bxf8 Kxf8 20. Qb4+ Kg8 21.
f3 exf3 22. exf3 Bh5 23. Kg2 Qd5 24. a4 a6 25. Nd6 Bxd4 26. Rad1 e5 27. Qxb7
Qxb7 28. Nxb7 Bg6 29. Rc1 Bb6 30. Rc6 Bd4 31. Rfc1 Bf5 32. g4 Be6 33. Nc5 Bxc5
34. R1xc5 e4 35. Ra5 exf3+ 36. Kxf3 Bc8 37. Kf4 g6 38. h4 Kg7 39. g5 h6 40.
gxh6+ Kxh6 41. h5 Kg7 42. hxg6 fxg6 43. Kg5 Kf7 44. Rxg6 Ke7 45. Rc6 Kd7 46.
Rac5 Kd8 47. Kf6 Kd7 48. Ke5 Kd8 49. Kf6 Bd7 50. Rd6 Ra7 51. Rh5 1-0

[Event "Challenge"]
[Site "http://www.queenalice.com/game.php?id=439510"]
[Date "2008.7.27"]
[Round "-"]
[White "elrey"]
[Black "SpectorBassist"]
[Result "1-0"]
[WhiteElo "2174"]
[BlackElo "2085"]

1. d4 Nf6 2. c4 g6 3. Nf3 Bg7 4. g3 O-O 5. Bg2 d6 6. Nc3 Nc6 7. O-O Rb8 8. b3 e5
9. d5 Ne7 10. e4 Ne8 11. Be3 b6 12. Qd2 f5 13. b4 fxe4 14. Ng5 Nf5 15. Ne6 Bxe6
16. dxe6 Nf6 17. Nxe4 Qe7 18. Rae1 Kh8 19. Nxf6 Bxf6 20. Bd5 Rfc8 21. b5 Ng7 22.
f4 Nxe6 23. a4 Ng7 24. fxe5 Bxe5 25. Rf7 Qe8 26. Bh6 Ne6 27. Rxe5 dxe5 28. Qf2
1-0

[Event "Challenge"]
[Site "http://www.queenalice.com/game.php?id=440577"]
[Date "2008.7.29"]
[Round "-"]
[White "SpectorBassist"]
[Black "elrey"]
[Result "1-0"]
[WhiteElo "2079"]
[BlackElo "2140"]

1. Nf3 Nf6 2. g3 g6 3. Bg2 Bg7 4. O-O c5 5. c4 O-O 6. Nc3 d6 7. a3 Nc6 8. Rb1 d5
9. d3 dxc4 10. dxc4 Bf5 11. Ra1 Qxd1 12. Rxd1 Ne5 13. Nxe5 Rfd8 14. Be3 Ne4 15.
Nxe4 Bxe5 16. Bxc5 Re8 17. Bd4 Bxd4 18. Rxd4 Rac8 19. Rad1 Bxe4 20. Bxe4 b6 21.
b3 f5 22. Bb7 Rb8 23. Rd7 Kf7 24. Rc7 g5 25. Rdd7 Kf6 26. Ba6 Kf7 27. Rxa7 Ra8
28. Bb5 Rxa7 29. Rxa7 Rb8 30. Bc6 Kf6 31. Rb7 Rxb7 32. Bxb7 1-0

[Event "Challenge"]
[Site "http://www.queenalice.com/game.php?id=445283"]
[Date "2008.8.8"]
[Round "-"]
[White "Ahlkhanvio"]
[Black "SpectorBassist"]
[Result "1-0"]
[WhiteElo "2145"]
[BlackElo "2103"]

1. d4 Nf6 2. Nf3 g6 3. Nc3 Bg7 4. e4 d6 5. Be2 O-O 6. O-O c5 7. d5 a6 8. a4 Ne8
9. a5 f5 10. exf5 Bxf5 11. Nd2 e5 12. Nc4 Nc7 13. Nb6 Ra7 14. Be3 Na8 15. b4 e4
16. Nca4 Bxa1 17. Qxa1 Nxb6 18. Nxb6 Bc8 19. bxc5 Nc6 20. dxc6 bxc6 21. Nxc8
Qxc8 22. cxd6 Ra8 23. Bc4+ 1-0

[Event "Challenge"]
[Site "http://www.queenalice.com/game.php?id=457046"]
[Date "2008.9.1"]
[Round "-"]
[White "li2carpio"]
[Black "SpectorBassist"]
[Result "0-1"]
[WhiteElo "1874"]
[BlackElo "2070"]

1. e4 c5 2. Nf3 d6 3. d4 cxd4 4. Nxd4 Nf6 5. Nc3 a6 6. Bc4 e6 7. O-O b5 8. Be2
Be7 9. a3 O-O 10. Be3 Bd7 11. Bd3 Qc7 12. f4 Nc6 13. Nf3 Rfb8 14. Kh1 Na5 15. e5
Ng4 16. Bg1 dxe5 17. fxe5 Bc6 18. Nd4 Nxe5 19. Qh5 g6 20. Qe2 Bb7 0-1

[Event "Challenge"]
[Site "http://www.queenalice.com/game.php?id=490852"]
[Date "2008.11.9"]
[Round "-"]
[White "ZUMBI"]
[Black "SpectorBassist"]
[Result "0-1"]
[WhiteElo "1780"]
[BlackElo "2079"]

1. e4 c5 2. Nf3 d6 3. Nc3 Nf6 4. d4 cxd4 5. Qxd4 a6 6. Bg5 Nc6 7. Qa4 Bd7 8.
O-O-O b5 9. Qb3 b4 10. Nd5 Nxe4 11. Be3 Nc5 12. Qc4 Qa5 13. Bd2 Rb8 14. h4 e6
15. Ne3 d5 16. Qf4 Qxa2 17. c3 Qa1+ 18. Kc2 b3# 0-1

[Event "Challenge"]
[Site "http://www.queenalice.com/game.php?id=490853"]
[Date "2008.11.9"]
[Round "-"]
[White "SpectorBassist"]
[Black "ZUMBI"]
[Result "1-0"]
[WhiteElo "2083"]
[BlackElo "1780"]

1. Nf3 d5 2. e3 Nf6 3. c4 Nc6 4. b3 e5 5. cxd5 Qxd5 6. Bc4 Qa5 7. Ng5 Nd5 8. e4
Ndb4 9. Bxf7+ Kd8 10. Bc4 Nd4 11. Na3 Be6 12. Nxe6+ Nxe6 13. O-O Nd4 14. Bb2 Bc5
15. Qg4 g6 16. Rfc1 Rf8 17. Qh4+ Be7 18. Qxh7 Bg5 19. Bxd4 exd4 20. Be6 c6 21.
Qd7# 1-0

[Event "Challenge"]
[Site "http://www.queenalice.com/game.php?id=521640"]
[Date "2009.1.13"]
[Round "-"]
[White "waldi"]
[Black "SpectorBassist"]
[Result "0-1"]
[WhiteElo "1969"]
[BlackElo "2102"]

1. Nf3 d5 2. g3 b6 3. Bg2 Bb7 4. b3 Nf6 5. Bb2 Nbd7 6. O-O g6 7. Ne1 Bg7 8. d3
O-O 9. Nd2 Qc8 10. Rc1 c5 11. c3 e5 12. e3 Rd8 13. f4 e4 14. d4 Nf8 15. Nc2 Qg4
16. Qxg4 Nxg4 17. h3 Nh6 18. Rf2 Nf5 19. Kh2 Rac8 20. g4 cxd4 21. cxd4 Rxc2 22.
Rxc2 Nxe3 23. Rc7 Ba6 24. Rxa7 Bd3 25. Rb7 Nd1 26. Kg1 Nxb2 27. Nf1 Bxd4 28. Ng3
Nd1 29. Nh1 Nxf2 30. Nxf2 Ba6 31. Ra7 e3 32. Rxa6 e2 0-1

[Event "Challenge"]
[Site "http://www.queenalice.com/game.php?id=607104"]
[Date "2009.6.22"]
[Round "-"]
[White "waldi"]
[Black "SpectorBassist"]
[Result "0-1"]
[WhiteElo "1915"]
[BlackElo "2129"]

1. d4 Nf6 2. Bg5 Ne4 3. Bh4 c5 4. d5 Qa5+ 5. c3 g6 6. f3 Nd6 7. e4 Bg7 8. Nd2
Qd8 9. Nb3 b6 10. Bg3 Nb7 11. e5 d6 12. Bb5+ Bd7 13. Qe2 O-O 14. Bxd7 Nxd7 15.
e6 Nf6 16. Rd1 Qc8 17. Nh3 fxe6 18. dxe6 Nd8 19. O-O Qxe6 20. Qc2 Nf7 21. Rde1
Qd7 22. Nf4 e5 23. Nh3 Nh5 24. Bh4 Nh6 25. c4 Nf4 26. Nxf4 Rxf4 27. Bg3 Rf7 0-1

[Event "Challenge"]
[Site "http://www.queenalice.com/game.php?id=620233"]
[Date "2009.7.17"]
[Round "-"]
[White "Ebbe"]
[Black "SpectorBassist"]
[Result "0-1"]
[WhiteElo "2008"]
[BlackElo "2110"]

1. e4 c5 2. Nf3 d6 3. d4 cxd4 4. Nxd4 Nf6 5. Bd3 a6 6. O-O Nbd7 7. c4 Nc5 8. Re1
Nxd3 9. Qxd3 Qc7 10. Bg5 Nd7 11. Nd2 h6 12. Bh4 Ne5 13. Qc3 g5 14. Bg3 Bg7 15.
Bxe5 Bxe5 16. N2f3 Bg7 17. Rac1 O-O 18. Qe3 Bg4 19. h3 Bxf3 20. Nxf3 Bxb2 21.
Rc2 Bf6 22. c5 Rac8 23. e5 dxe5 24. Nxe5 Bxe5 25. Qxe5 Qxe5 26. Rxe5 Rc7 27. Rb2
e6 28. Rb4 Rd8 29. a4 Rd1+ 30. Kh2 Rc1 31. h4 R1xc5 32. Rxc5 Rxc5 33. hxg5 hxg5
34. Rxb7 Rc4 35. a5 Rc5 36. Rb4 Rxa5 37. f3 f5 38. Rb7 Rb5 39. Ra7 Rb6 40. Kh3
Kf8 41. g3 Rb3 42. Rxa6 Rxf3 43. Rxe6 f4 44. Kg2 Rxg3+ 45. Kf2 Kf7 46. Rh6 Re3
47. Rc6 g4 48. Rh6 g3+ 49. Kg2 Re2+ 50. Kg1 f3 51. Rh3 Re1# 0-1

[Event "Challenge #01"]
[Site "http://www.queenalice.com/game.php?id=658602"]
[Date "2009.9.26"]
[Round "-"]
[White "Aylton"]
[Black "SpectorBassist"]
[Result "0-1"]
[WhiteElo "2050"]
[BlackElo "2119"]

1. d4 Nf6 2. Nf3 g6 3. e3 Bg7 4. c4 O-O 5. Nc3 d6 6. Be2 Nbd7 7. O-O c5 8. h3 a6
9. a3 cxd4 10. exd4 b6 11. Be3 Bb7 12. Qd2 Rc8 13. Rfc1 Re8 14. b3 e5 15. dxe5
dxe5 16. Rd1 e4 17. Nd4 Re7 18. Rac1 Ne5 19. f4 exf3 20. Nxf3 Qxd2 21. Nxd2 Nf3+
22. Bxf3 Bxf3 23. Nxf3 Rxe3 24. Nd4 Rd8 25. Kf2 Rxc3 26. Rxc3 Ne4+ 0-1

[Event "Challenge #02"]
[Site "http://www.queenalice.com/game.php?id=658603"]
[Date "2009.9.26"]
[Round "-"]
[White "SpectorBassist"]
[Black "Aylton"]
[Result "1-0"]
[WhiteElo "2135"]
[BlackElo "1931"]

1. Nf3 d5 2. e3 Nf6 3. c4 e6 4. b3 a6 5. Bb2 c5 6. Na3 Nc6 7. Nc2 Be7 8. cxd5
exd5 9. g3 O-O 10. Bg2 h6 11. O-O Be6 12. d4 cxd4 13. Ncxd4 Nxd4 14. Nxd4 Rc8
15. Nxe6 fxe6 16. Rc1 Rxc1 17. Qxc1 Qd7 18. Qc3 Rc8 19. Qd3 Kf7 20. e4 dxe4 21.
Qxd7 Nxd7 22. Bxe4 Rc7 23. Re1 Nc5 24. Rc1 Bd6 25. Bb1 b5 26. f4 g5 27. fxg5
hxg5 28. Rf1+ Kg8 29. Bf6 Be7 30. b4 Na4 31. Be5 Rc4 32. a3 Nc3 33. Bd3 Rc6 34.
Kg2 Nd5 35. Kf3 Rc8 36. Be4 Rf8+ 37. Ke2 Rxf1 38. Kxf1 Kf7 39. Ke2 Bf6 40. Bxf6
Kxf6 41. Bxd5 exd5 42. h4 gxh4 43. gxh4 Kf5 44. Kd3 Kg4 45. Kd4 Kxh4 46. Kxd5
Kg4 47. Kc6 Kf4 48. Kb6 1-0

[Event "Challenge #03"]
[Site "http://www.queenalice.com/game.php?id=744602"]
[Date "2010.3.11"]
[Round "-"]
[White "Aylton"]
[Black "SpectorBassist"]
[Result "0-1"]
[WhiteElo "1832"]
[BlackElo "2141"]

1. d4 Nf6 2. Nf3 g6 3. e3 Bg7 4. c4 O-O 5. Nc3 d6 6. h3 Nbd7 7. Be2 c5 8. O-O a6
9. a3 Rb8 10. dxc5 Nxc5 11. b4 Nfe4 12. Nxe4 Nxe4 13. Rb1 Nc3 14. Qc2 Nxb1 15.
Qxb1 Bf5 16. Qb3 Rc8 17. Rd1 b5 18. cxb5 Bc2 19. Qd5 Bxd1 20. Qxd1 Qc7 21. Bd2
axb5 22. Bxb5 Bc3 23. Kf1 Bxd2 24. Qxd2 Qc1+ 25. Qxc1 Rxc1+ 26. Ke2 Rfc8 27. Nd4
e5 28. Nb3 R8c2+ 29. Kf3 Rd1 30. Na5 Rdd2 31. Bc6 Rxf2+ 32. Kg3 f5 33. Bd5+ Kg7
34. Nc4 e4 35. b5 g5 36. b6 Rxg2# 0-1

[Event "Challenge #04"]
[Site "http://www.queenalice.com/game.php?id=744603"]
[Date "2010.3.11"]
[Round "-"]
[White "SpectorBassist"]
[Black "Aylton"]
[Result "1-0"]
[WhiteElo "2144"]
[BlackElo "1922"]

1. Nf3 d5 2. g3 Nf6 3. Bg2 e6 4. O-O c5 5. c4 Nc6 6. b3 a6 7. Na3 Be7 8. Bb2 O-O
9. Ne5 Nxe5 10. Bxe5 Nd7 11. Bb2 dxc4 12. Nxc4 Rb8 13. Bc3 b5 14. Na5 Qc7 15.
Nc6 Nf6 16. Nxb8 Qxb8 17. Rc1 Bb7 18. Bxb7 Qxb7 19. Bxf6 gxf6 20. Rc2 Rc8 21.
Qb1 Qd5 22. Rfc1 Kg7 23. Qb2 Kg6 24. b4 c4 25. d3 f5 26. dxc4 bxc4 27. a4 Bf6
28. Qa2 c3 29. Qxd5 exd5 30. e3 Rc4 31. Rb1 d4 32. exd4 Bxd4 33. b5 axb5 34.
axb5 Rc8 35. b6 Rb8 36. b7 h5 37. Kg2 Kf6 38. Kf3 Ke5 39. Ke2 Kd5 40. Kd3 f6 41.
Ra2 Be5 42. f4 Bc7 43. Ra8 Kc6 44. Rxb8 Bxb8 45. Kxc3 1-0

[Event "Challenge"]
[Site "http://www.queenalice.com/game.php?id=749910"]
[Date "2010.3.22"]
[Round "-"]
[White "waldi"]
[Black "SpectorBassist"]
[Result "0-1"]
[WhiteElo "1995"]
[BlackElo "2149"]

1. Nf3 b6 2. d4 Bb7 3. Nc3 e6 4. e4 Bb4 5. d5 exd5 6. exd5 Qe7+ 7. Be2 Nf6 8.
O-O Bxc3 9. bxc3 Bxd5 10. Bg5 Be6 11. Re1 Nc6 12. Bb5 O-O-O 13. Nd4 Qc5 14. Qf3
Bd5 15. Qd3 Nxd4 16. cxd4 Qd6 17. c4 Bb7 18. a4 a6 19. c5 Qd5 20. f3 axb5 0-1

[Event "Challenge"]
[Site "http://www.queenalice.com/game.php?id=787901"]
[Date "2010.6.9"]
[Round "-"]
[White "cruiseymorph"]
[Black "SpectorBassist"]
[Result "1-0"]
[WhiteElo "1754"]
[BlackElo "2156"]

1. e4 c5 2. f4 e6 3. Nf3 d5 4. e5 Nc6 5. d4 a6 6. c4 dxc4 7. Bxc4 b5 8. Be2 cxd4
9. O-O Bc5 10. Bd3 Bb7 11. a4 b4 12. Nbd2 Nce7 13. Nh4 Ng6 14. Nhf3 Nxf4 15. Qc2
Rc8 16. Kh1 Ba7 17. Qb3 Bd5 18. Bc4 d3 19. Qxb4 Bc5 20. Qb3 Rb8 21. Qc3 Ne2 22.
Qxd3 Nf4 23. Qc2 Qb6 24. Nb3 Bxc4 25. Qxc4 Qxb3 26. Qxc5 Qd5 27. Qc7 Rb4 28.
Bxf4 Rxf4 29. Rad1 Rxf3 30. Qc8+ Ke7 31. gxf3 1-0